Statistics for Best Current European NHL Players

Click here to take the quiz!

General Stats

  • This quiz has been taken 49 times
    (24 since last reset)
  • The average score is 12 of 26

Answer Stats

PositionTeamCountryAnswer% Correct
ForwardEdmonton OilersGermanyLeon Draisaitl
95%
ForwardNew Jersey DevilsSwitzerlandNico Hischier
86%
ForwardLos Angeles KingsSloveniaAnze Kopitar
77%
DefensmenNashville PredatorsSwitzerlandRoman Josi
73%
DefensmenDetroit Red WingsGermanyMoritz Seider
64%
GoalieToronto Maple LeafsDenmarkFrederik Andersen
59%
ForwardMinnesota WildNorwayMats Zuccarello
59%
ForwardWinnipeg JetsDenmarkNikolaj Ehlers
59%
GoalieColorado AvalancheGermanyPhillp Grubauer
59%
ForwardOttawa SenatorsGermanyTim Stutzle
59%
ForwardMontreal CanadiensSlovakiaJuraj Slafkovsky
55%
GoalieColumbus Blue JacketsLativaElvis Merzlikins
50%
ForwardLos Angeles KingsSwitzerlandKevin Fiala
50%
ForwardColumbus Blue JacketsFranceAlexandre Texier
45%
ForwardNew Jersey DevilsSwitzerlandTimo Meier
41%
ForwardBuffalo SabresLativaZemgus Girgensons
41%
ForwardSeattle KrakenDenmarkOliver Bjorkstrand
32%
ForwardCalgary FlamesBelarusYegor Sharangovich
32%
ForwardDetroit Red WingsNetherlandsDaniel Sprong
27%
DefensmenTampa Bay LightningSlovakiaErik Cernak
27%
DefensemenArizona CoyotesSwitzerlandJ.J. Moser
27%
ForwardNashville PredatorsSwitzerlandNino Niederreiter
27%
ForwardNew Jersey Devils (Last Played For)SlovakiaTomas Tatar
27%
DefensemenNew Jersey DevilsSwitzerlandJonas Siegenthaler
23%
DefensemenWashington CapitalsSlovakiaMartin Fehervary
23%
ForwardVegas Golden KnightsLativaTeddy Blueger
18%

Score Distribution

Percentile by Number Answered

Percent of People with Each Score

Your Score History

You have not taken this quiz since the last reset